000 00501cam a2200205ua 4500
001 9677
005 20260515114517.0
008 160317n ii |||gr||||Z||||||eng
020 _a9789384303082
040 _cMAIN
041 _aeng
082 _a338.5
100 _aBarua, Jagatjyoti,
_eAuthor.
245 1 _aElementary micro economics
_cby Jagatjyoti Barua
250 _a1st ed.
260 _aDibrugarh:
_bMahaveer publications,
_c2014.
300 _a203p.
653 _aProduction
942 _cBK
999 _c8687
_d8687